Silver seeds : a book of nature poems / by Paul Paolilli and Dan Brewer ; illustrated by Steve Johnson and Lou Fancher.
Record details
- ISBN: 0670889415
- Physical Description: 1 v. (unpaged) : illustrations ; 26 cm.
- Publisher: New York : Viking, 2001.
Search for related items by subject
| Subject: | Nature > Juvenile poetry. Children's poetry, American. Nature > Poetry. American poetry. |
| LDR | 00976cam a2200301 a 4500 | ||
|---|---|---|---|
| 001 | 126040 | ||
| 003 | CONS | ||
| 005 | 20140703073303.0 | ||
| 008 | 000510s2001 nyua b 000 0 eng | ||
| 010 | . | ‡a 00009469 | |
| 020 | . | ‡a0670889415 | |
| 035 | . | ‡a(CPomAG)LMN493080 | |
| 042 | . | ‡alcac | |
| 050 | 0 | 0. | ‡aPS3566.A5943 ‡bS55 2001 |
| 082 | 0 | 0. | ‡a811/.6 ‡221 |
| 100 | 1 | . | ‡aPaolilli, Paul. |
| 245 | 1 | 0. | ‡aSilver seeds : ‡ba book of nature poems / ‡cby Paul Paolilli and Dan Brewer ; illustrated by Steve Johnson and Lou Fancher. |
| 260 | . | ‡aNew York : ‡bViking, ‡c2001. | |
| 300 | . | ‡a1 v. (unpaged) : ‡billustrations ; ‡c26 cm. | |
| 650 | 0. | ‡aNature ‡vJuvenile poetry. | |
| 650 | 0. | ‡aChildren's poetry, American. | |
| 650 | 1. | ‡aNature ‡vPoetry. | |
| 650 | 1. | ‡aAmerican poetry. | |
| 700 | 1 | . | ‡aBrewer, Dan. |
| 700 | 1 | . | ‡aJohnson, Steve, ‡d1960- |
| 700 | 1 | . | ‡aFancher, Lou. |
| 959 | . | ‡i32269000633043 ‡lE Pao ‡aJuvenile - Easy ‡tEasy ‡g16.99 | |
| 852 | . | ‡p32269000633043 ‡jE Pao ‡gJuvenile - Easy ‡cEasy ‡y16.99 ‡bSBPL | |
| 901 | . | ‡a126040 ‡bUnknown ‡c126040 ‡tbiblio | |